000
00287nam a22001097a 4500
008
230923b |||||||| |||| 00| 0 eng d
100
_a
Lumiya, B.N.
_9
4805
245
_a
Some Historian of Medieval India
260
_a
Agra;
_b
Lakshmi narain Aggarwal;
_c
1969;
300
_a
200p
942
_c
BK
999
_c
39747
_d
39747